000 00892nam a2200205Ia 4500
003 OSt
005 20241120091746.0
007 ca aa aaaaa
008 201103s9999 xx 000 0 und d
040 _cSSBUL
041 _abur
082 _a၂၉၄.၃၈၂၄ ရွှေ
_223
_b၉၂၂၉ S-SAT
100 _a ရွှေဖောင်တင်ဆရာတော်
_917329
245 0 _aသစ္စာလေးတန်တရားမှန်/
_cရွှေဖောင်တင်ဆရာတော်
260 _aရန်ကုန်မြို့ ၊
_bရောင်စုံပုံနှိပ်တိုက်၊
_c၁၉၇၉။
300 _a၈၂ စာမျက်နှာ၊
_bရုပ်ပုံ၊
_c၁၇ စင်တီ။
500 _aS-SAT: Dr. Sai Aung Tun Collection
650 _aသစ္စာလေးပါး
_97268
942 _2ddc
_cBK1
999 _c16713
_d16713